[Event "Moscow Aeroflot op-A"]
[Site "Moscow"]
[Date "2006.02.16"]
[Round "9"]
[White "Kazhgaleyev, Murtas"]
[Black "Akopian, Vladimir Eduardovic"]
[Result "0-1"]
[WhiteElo "2607"]
[BlackElo "2704"]
[Annotator "Meulders,R"]
[PlyCount "118"]
[EventDate "2006.02.08"]
[EventType "swiss"]
[EventRounds "9"]
[EventCountry "RUS"]
[SourceTitle "CBM 112"]
[Source "ChessBase"]
[SourceDate "2006.06.07"]
[SourceVersion "1"]
[SourceVersionDate "2006.06.07"]
[SourceQuality "1"]

1. d4 Nf6 2. c4 d6 3. Nc3 Nbd7 4. e4 e5 5. d5 Nc5 6. f3 a5 7. Be3 Be7 8. Qd2 h6
9. O-O-O (9. Nge2 Nh7 10. g4 (10. Nc1 Bg5 11. Bxg5 Qxg5 12. Qxg5 hxg5 13. Nd3
Nxd3+ 14. Bxd3 Nf6 15. Kf2 Ke7 16. Nb5 c6 17. Nc3 Bd7 $11 {0-1 Kovacs,T-Ianov,
V/Aggtelek 2000 (41)}) 10... Bg5 11. Ng3 Nf8 12. O-O-O Bxe3 13. Qxe3 Qg5 14.
Kd2 Ng6 15. Nf5 Bxf5 16. gxf5 Nh4 17. Be2 Qxe3+ 18. Kxe3 $15 {1/2-1/2 Balogh,
T-Movsesian,S/Slovakia 1995 (43)}) 9... O-O (9... Bd7 10. g3 a4 11. Kb1 Qb8 12.
Bh3 Qa7 13. Bxd7+ Nfxd7 14. Nb5 Qb6 15. Ne2 O-O 16. g4 c6 17. Na3 Qa6 18. Ng3
$16 {1-0 Miles,A-Mestel,A/Esbjerg 1984 (31)}) (9... Nh7 10. g3 (10. Kb1 Bg5 11.
g4 Bxe3 12. Qxe3 Qh4 13. Be2 h5 14. f4 exf4 15. Qxf4 Qg5 16. Nh3 Qxf4 17. Nxf4
hxg4 $17 {0-1 Thorsteins,K-Zapata,A/New York 1989 (26)}) 10... f5 (10... b6 11.
h4 f5 12. exf5 Bxf5 13. g4 Bg6 14. h5 Bf7 15. Nh3 Ng5 16. Nxg5 Bxg5 17. Bxg5
Qxg5 {1-0 Boensch,U-Knaak,R/Nordhausen 1986 (50)}) 11. h4 O-O 12. Kb1 (12. Bh3
b6 13. exf5 Bxf5 14. Bxf5 Rxf5 15. Qc2 Qd7 16. g4 Rf7 17. Rd2 $16 {1-0 Alburt,
L-Zapata,A/Subotica 1987 (35)}) 12... b6 13. Bd3 f4 14. Bf2 fxg3 15. Bxg3 Nf6
16. Bf2 $11 {0-1 Tashkhodzhaev,A-Goldin,A/Tashkent 1986 (27)}) (9... Nfd7 10.
g3 O-O (10... Bg5 11. f4 Bf6 12. Nf3 g6 13. h4 a4 14. h5 Rg8 15. hxg6 Rxg6 $16
{1-0 Ward,C-Casper,T/Germany 1996 (44)}) (10... a4 11. Kb1 O-O 12. h4 c6 13. g4
Qa5 14. Nge2 Nb6 15. Ng3 cxd5 16. Nxd5 Nxd5 17. cxd5 Qxd2 18. Rxd2 $14 {
1-0 Moiseenko,A-Kozul,Z/Warsaw 2005 (70)}) 11. h4 Nb6 12. f4 exf4 13. gxf4 Bg4
14. Be2 Bxe2 15. Qxe2 Qd7 16. Nf3 Nba4 17. Nxa4 Qxa4 18. Bxc5 dxc5 19. Kb1 $16
{1-0 Petursson,M-Knaak,R/Thessaloniki 1988 (61)}) (9... b6 10. Kb1 Bd7 11. Nge2
Nh7 12. Qc2 O-O {1/2-1/2 Akopov,R-Chernov,V/Russia 1991 (12)}) 10. h4 (10. Kb1
Nh7 11. g4 Re8 (11... Bg5 12. h4 Bxe3 13. Qxe3 Bd7 14. Nge2 Na4 15. Nxa4 Bxa4
16. Rd2 Qb8 17. g5 h5 18. f4 $16 {1-0 Petursson,M-Westerinen,H/Espoo 1989 (27)}
) 12. h4 Nf8 13. g5 h5 14. Bh3 Nfd7 15. Nge2 g6 16. Nc1 Bf8 17. Nd3 $16 {
1-0 Petursson,M-Malaniuk,V/Moscow 1987 (49)}) 10... Ne8 11. g3 f5 12. exf5 Bxf5
13. g4 Bg6 14. g5 h5 15. Bxc5 dxc5 16. Bd3 Bxd3 17. Qxd3 Rf4 18. Nce2 $2 {
Logisch (Entwicklung fortsetzen) und stark wäre es den anderen Springer zu
spielen.} (18. Kb1) (18. Nge2 $1 Rxh4 19. f4 $16) 18... Rxh4 $1 {[%csl Rg5]}
19. Rxh4 {Weil Weiß den falschen Springer gezogen hat, ist das anders starke
19.f4 natürlich hier nicht möglich.} Bxg5+ 20. f4 Bxh4 $15 {Schwarz hat zwei
Bauern verdient. Obwohl sein König fast ganz nackt dabei steht, wird es bald
sein weißer Kollege sein, der in einem Sperrfeuer landet.} 21. Nf3 exf4 22. Rh1
Bg5 23. Qg6 Bh6 24. Qe6+ Kh8 25. Rxh5 Ra6 26. Qe5 Rf6 27. Ng5 (27. Nxf4 $2 {
[%csl Rf4][%cal Gh6c1]} Nd6 {[%csl Rc4]} 28. Nd2 Kg8 {[%csl Rf4]} 29. Rh4 Rf7
$19 {[%csl Rh4][%cal Gd8h4]}) 27... Kg8 28. Nxf4 {Führt zu einer
Doppelfesselung.} Nd6 {[%csl Rc1,Re5,Rf4,Rg5][%cal Gd6f7] Die sehr ungünstige
Lage des Kc1 spielt Weiß einen Possen.} 29. Nfe6 Rf1+ 30. Kc2 Qe8 $1 $19 {
[%csl Ra4,Rc2,Rc4,Rh5][%cal Ge8h5,Ge8a4,Gd6c4] Eigentlich schon der Gnadenstoß.
} 31. Rh2 Nxc4 32. Qxc7 Ne3+ 33. Kd3 Nxd5 34. Qxb7 Nb4+ 35. Ke2 {Die weiße
Stellung sieht aus wie ein LKW, der ohne Bremse eine steile Böschung
herunterknall: der Zusammenprall ist unvermeidlich..} Rf5 {[%csl Re6,Rg5]} 36.
Qe4 Qb5+ 37. Kd2 Rd5+ 38. Ke3 Rxg5 $1 (38... Bxg5+ 39. Nxg5 Qd3+ $17) 39. Nxg5
Bxg5+ 40. Kf3 {Der König steht nicht mehr im Schießstand, aber der schwarze
materielle Vorteil ist schon entscheidend.} Qd7 41. Kg2 Nd5 42. Kh1 Ne3 43.
Qh7+ Kf7 44. Rf2+ Bf6 45. Qh5+ Kg8 46. Qf3 Qd4 47. Qa8+ Kf7 48. Qf3 Kg6 49. Rh2
Qd1+ 50. Qxd1 Nxd1 51. b3 Kf5 52. Kg2 {Eine mehr realistische Natur hätte
aufgegeben.} Ke4 53. Kf1 Kd3 54. Ke1 Ne3 55. Rd2+ Kc3 56. Ke2 Bd4 57. Rd3+ Kb2
58. Rd2+ Ka3 59. Kd3 g5 0-1

[Event "Bundesliga 0203"]
[Site "Germany"]
[Date "2003.01.11"]
[Round "8.7"]
[White "Straeter, Timo"]
[Black "Conquest, Stuart"]
[Result "1-0"]
[WhiteElo "2329"]
[BlackElo "2542"]
[Annotator "Meulders,R"]
[PlyCount "103"]
[EventDate "2002.10.19"]
[EventType "team-tourn"]
[EventRounds "15"]
[EventCountry "GER"]
[SourceTitle "CBM 093"]
[Source "ChessBase"]
[SourceDate "2003.04.01"]
[SourceVersion "1"]
[SourceVersionDate "2003.04.01"]
[SourceQuality "1"]
[WhiteTeam "Wattenscheid"]
[BlackTeam "Luebeck"]
[WhiteTeamCountry "GER"]
[BlackTeamCountry "GER"]

1. d4 Nf6 2. Nf3 d6 3. c4 Bg4 4. Qb3 Qc8 5. h3 Bxf3 6. Qxf3 Nc6 7. d5 Ne5 8.
Qb3 g6 9. Nc3 Bg7 10. e4 O-O 11. Be2 Ned7 (11... c5 12. O-O a6 13. Qc2 e6 14.
Bg5 exd5 15. exd5 Qf5 $2 16. Qxf5 gxf5 17. f4 {wurde hier Remis gegeben in
Pedersen,E-Keene,R/Aarhus 1983), aber ich würde hier doch nicht gern mit
Schwarz spielen.}) (11... e6 12. O-O exd5 13. exd5 (13. cxd5 Re8 14. Be3 Ned7
15. f3 Nh5 16. Rfc1 a6 17. Nd1 Ng3 18. Bd3 Nc5 19. Qa3 $11) 13... Re8 14. Be3
Ned7 15. Rfe1 Nc5 16. Qc2 Nfe4 17. Nxe4 Nxe4 18. Bf3 Qf5 19. Rad1 $16 {1-0
Obukhov,A-Predein,V/Kurgan 1995 (40)}) 12. Be3 Re8 13. g4 {Weiß spielt 'nur'
auf Matt!} ({Eine konventionelle Folge wäre:} 13. O-O c5 14. f4 e6 15. dxe6
Rxe6 16. Bf3 $14) 13... Nb6 ({Eine sehr scharfe aber für Schwarz äußerst
gefährliche Variante entsteht nach:} 13... Nc5 14. Bxc5 dxc5 15. e5 Nd7 16. f4
g5 17. e6 fxe6 18. dxe6 Nb8 19. f5 Nc6 20. O-O-O Nd4 21. Qa3 b6 22. h4 {
mit furchtbarem Angriff.}) 14. g5 Nfd7 15. Bg4 c6 16. a4 Qc7 $2 ({Aktiver ist} 
16... cxd5 17. cxd5 Nc5 18. Qb5 Qc7 19. a5 Nbd7 20. Bxd7 Bxc3+ (20... Qxd7 $5
21. Bxc5 Bxc3+ $1) 21. bxc3 Nxd7 {und wegen der zersplitterten weißen Bauern
sollte Schwarz besser stehen.}) 17. a5 Nc8 {[%csl Rc8] Selbstverständlich
steht der Rappe hier außerordentlich schlecht.} 18. f4 {[%csl Rc8] Weiß will
schnellstens Linien gegen den feindlichen König öffnen und vertraut auf seine
Läufer, um Schwarz in Schach zu halten.} e6 (18... Nc5 19. Bxc5 Bxc3+ 20. Qxc3
dxc5 21. e5 Rd8 22. Bf3 Rb8 23. O-O cxd5 24. cxd5 b6 25. Rfc1 {Und der
Raummangel macht die schwarze Stellung sehr unbequem.}) 19. dxe6 fxe6 {[%csl
Rc8,Rd6,Re6] Nebst einer Problemfigur hat Schwarz jetzt auch zwei
Problembauern.} 20. h4 Rb8 {Erneut scheint Schwarz sich sehr passiv zu
verhalten. Es sieht so aus als lüde er Weiß ein sich zu vergallopieren. Es ist
aber schon sehr schwierig für Schwarz sich zu befreien; der Nc8 liegt ihm
wirklich wie ein Stein im Magen:} (20... Nc5 21. Bxc5 (21. Qc2 Bxc3+ 22. bxc3
e5) 21... dxc5 22. e5 Qf7 23. O-O $1 Rb8 24. Ne4 $18) 21. h5 b6 {Ein Versuch
endlich den Nc8 ins Spiel zu bringen.} 22. hxg6 hxg6 23. a6 $1 Nf8 24. O-O Ne7
{Nachdem der Pe6 gedeckt wurde, kann endlich Nc8 noch mal ziehen aber die
beide schwarze Springer bleiben sehr krumm stehen..} 25. Rf2 {[%cal Ga1f1,
Gf2f8,Ra1d1,Rf2d2,Rd3d6]} Rbd8 26. c5 $6 (26. Rd1 {/\ Rfd2 ist eine plausibele
Alternative für die geplante Turmverdopplung auf der f-Linie. Der Textzug ist
ziemlich ungedüldig.}) 26... Nc8 $6 {Est erscheint unlogisch den Springer
wieder auf c8 fest zu setzen.} ({Nach} 26... dxc5 27. Bxe6+ Nxe6 28. Qxe6+ Kf8
29. Qh3 $1 (29. Qg4 {[%csl Re3]} Nd5 $1) 29... Rd3 30. Rd1 Red8 {hat Schwarz
Gegenspiel.}) 27. cxb6 Nxb6 28. f5 $40 {Die schwarze Lage wird kritisch:
derPe6 ist gefesselt, es droht f6 mit Einsperrung des Bg7 und auch noch f7 mit
Turmgewinn.} d5 $6 ({Ich glaube Schwarz hätte sich von den Läufer trennen
müssen:} 28... Bxc3 $5 29. Bxb6 (29. bxc3 d5 30. f6 (30. Bf4 e5 31. Bg3 Qf7 $11
)) 29... axb6 (29... Qxb6 30. Qxb6 axb6 31. bxc3 Nh7 32. fxg6 Nxg5 {und Weiß
steht nur wenig besser.}) 30. Qxc3 $16) 29. Bxb6 $1 axb6 30. f6 $1 {So erobert
Weiß eine Qualität.} Qg3+ 31. Kf1 Qxg4 32. f7+ Kh8 33. fxe8=Q Rxe8 34. Ne2 (34.
Qxb6 $1 Bxc3 35. bxc3 {is vielleicht stärker.}) 34... Nd7 35. a7 Ra8 36. exd5
exd5 37. Nf4 Bd4 38. Qf3 ({Und hier war} 38. Ra4 $1 {sehr stark:} Nc5 39. Rxd4
Nxb3 40. Nxg6+ Kh7 41. Rxg4 $18) 38... Qf5 {Schwarz hat alle Ereignisse noch
gut durchstanden (+=)} 39. Rd2 Be5 40. Qh3+ $1 {Fast erzwungen aber auch gut:
ohne Dame wiegt der Nachteil der Minusqualität schwerer.} Qxh3+ 41. Nxh3 $18
Kg7 (41... Nc5) 42. Ng1 {[%cal Gg1f3]} (42. Ra6 $5) 42... Bb8 $5 43. Re2 Kf7
44. Kg2 Bd6 {Es geht nichts mehr; Schwarz wird völlig auseinander genommen.} (
44... Rxa7 45. Rf1+ Kg7 46. Re7+ Kg8 47. Rff7 $18) 45. Rf1+ Kg7 46. Re6 Bf8 47.
Ra1 $1 c5 48. Nh3 {[%csl Rg6][%cal Gh3f4,Ge6g6,Gf4g6]} Kf7 49. Nf4 d4 50. Rc6
Be7 51. Rc7 Ke8 52. Nd5 (52. Nd5 Bd8 53. Re1+ Kf8 54. Rxd7 $18) 1-0

[Event "Bundesliga 0203"]
[Site "Germany"]
[Date "2003.02.08"]
[Round "10.4"]
[White "Pedersen, Nicolai Vesterbaek"]
[Black "Espig, Lutz"]
[Result "1/2-1/2"]
[WhiteElo "2495"]
[BlackElo "2425"]
[Annotator "Meulders,R"]
[PlyCount "95"]
[EventDate "2002.10.19"]
[EventType "team-tourn"]
[EventRounds "15"]
[EventCountry "GER"]
[SourceTitle "CBM 094"]
[Source "ChessBase"]
[SourceDate "2003.05.26"]
[SourceVersion "1"]
[SourceVersionDate "2003.05.26"]
[SourceQuality "1"]
[WhiteTeam "Emsdetten Turm"]
[BlackTeam "Plauen"]
[WhiteTeamCountry "GER"]
[BlackTeamCountry "GER"]

1. d4 Nf6 2. c4 d6 3. Nc3 Nbd7 4. Bg5 {So spielte schon Tarrasch gegen
Chigorin, 1906.} h6 5. Bh4 g5 6. Bg3 Nh5 7. e3 Nxg3 8. hxg3 Bg7 9. Bd3 c5 ({
Aktiver als} 9... Nf6 10. Qd2 c6 11. O-O-O Qa5 12. Kb1 Bd7 13. Nge2 e6 14. Nc1
O-O-O 15. Nb3 {Bronstein,D-Petrosian,T/Zuerich 1953 1/2-1/2 (32)}) ({Auch
gespielt wurde} 9... e6 {z.B.} 10. Nge2 Qe7 (10... Nf6 11. Qc2 Qe7 12. f3 Bd7
13. g4 h5 14. gxh5 Rxh5 15. Rxh5 Nxh5 16. g4 (16. O-O-O) 16... Nf6 17. O-O-O
O-O-O 18. Rh1 c5 19. Ng3 (19. Kb1 Bc6 (19... Kb8 $14) 20. e4 $16) 19... Bc6 20.
d5 $6 {Korniukov,A-Malaniuk,V/Krasnodar 2001, 0-1 (44)}) 11. g4 Nf6 12. Ng3 Bd7
13. Qe2 c5 14. O-O-O O-O-O 15. Kb1 Kb8 16. Bc2 $14 {Gurevich,M-Tal,M/Barcelona
1992 1-0 (44)}) 10. Nge2 cxd4 (10... Nf6 11. Qc2 Bd7 12. f3 h5 13. Ne4 Nxe4 14.
Bxe4 Qc7 15. Kf2 $2 (15. O-O-O) 15... e6 16. d5 O-O-O 17. Rab1 Kb8 18. dxe6
fxe6 19. b4 b6 20. a4 cxb4 21. Rxb4 Qc5 $17 {Hernando Rodrigo,J-Campora,D/Dos
Hermanas 2002 0-1 (50)}) 11. exd4 (11. Nxd4 Ne5 12. Nf5 Nxd3+ 13. Qxd3 Bxf5 14.
Qxf5 Rc8 15. Rc1 O-O (15... e6 $14) 16. Qb5 b6 17. O-O Rc5 18. Qa4 Qb8 19. Rc2
Rfc8 20. Nb5 d5 21. Rfc1 $2 (21. b3 $14) 21... dxc4 22. Rxc4 Rxc4 23. Rxc4 Rxc4
24. Qxc4 Bxb2 $15 {Laux,T-Blees,A/Mondorf 1991 1/2-1/2 (62)}) 11... Nf6 12. Qc2
b6 13. Ne4 {Ich glaube statt dieser vereinfachenden Fortsetzung wäre entweder
0-0 oder 0-0-0 besser geeignet, um den kleinen weißen Vorteil zu behalten.} Bb7
14. Nxf6+ Bxf6 15. Be4 Bxe4 16. Qxe4 Rc8 {[%csl Re8,Rh8][%cal Gh1h6]} 17. Rc1
$6 (17. Qd3 $1 {hätte die 'kleine Kombination' nicht zugelassen.} {Nach} d5 18.
b3 dxc4 19. bxc4 Qd7 {stünde Weiß besser, weil Schwarz die Entwicklung noch
nicht gleich beenden kann.} (19... b5 $2 {wäre eben zu optimistisch} 20. cxb5
Qd5 21. O-O Rc4 22. Rfc1 $18)) 17... Rxc4 $1 {Mit der K in der Mitte sind
Vereinfachungen sehr wilkommen für Schwarz.} 18. Rxc4 d5 19. Qf3 $6 (19. Qd3
dxc4 20. Qxc4 $14) 19... dxc4 20. Qc6+ {Der Sinn dieses Manövers um den P
zurück zu gewinnen ist mir nicht klar.} Kf8 ({Logischer erscheint} 20... Qd7 {
womit Schwarz ein Tempo gewinnt.} 21. Qxc4 (21. Qa8+ Qd8 22. Qxa7 Kf8 23. Qa4
Bxd4 24. Qxc4 Bxb2 $15) 21... h5 $11 {aber auch jetzt erreicht Schwarz
gleiches Spiel.}) 21. Qxc4 Kg7 {Hier steht er sicher.} 22. O-O {Mit dem
schwarzen K auf g7 zur Deckung des h6 hat es keinen Sinn mehr die Rochade
hinauszuziehen.} Qd7 23. Rd1 ({Oder} 23. Rc1 Rd8 24. Rd1 Rc8) 23... Rc8 {
[%csl Rd4,Re2] Die Stellung dürfte etwa gleich sein, aber im praktischen Spiel
möchte ich Schwarz ein wenig bevorzugen. Ihm kann eigentlich nichts passieren,
während Weiß mit seinem Isolani und dem bescheidenen Ne2 doch etwas aufpassen
muss.} 24. Qb3 Rc6 {Provoziert den Aufmarsch des d-P} (24... e6 $5 25. d5 $2
exd5 26. Rxd5 Qe6 $15) 25. d5 Rc5 26. Qd3 $2 {Im Endspurt verliert Weiß die
Pedale.} (26. Nc3 $1 Qg4 $11) 26... Bxb2 $17 27. f4 $6 {Riskant, aber Weiß ist
in Schwierigkeiten und kann sich nicht passiv verhalten oder Schwarz
konsolidiert seinen materiellen Plus.} Bf6 (27... Qa4 $1 $19) 28. Qe4 Ra5 29.
Rd2 Ra4 30. Qf3 Qd6 31. Kh2 Qa3 32. Rd3 Qxa2 $19 {Schwarz steht völlig auf
Gewinn.} 33. d6 exd6 34. Rxd6 Qb2 35. Rd7 Qb5 36. Rd6 Qf5 $2 (36... Qc5 $1 37.
Rd7 (37. Rxf6 Kxf6 38. fxg5+ Kg7 $1 39. Qf6+ Kg8 40. gxh6 Qh5+ 41. Kg1 Qg6 $19)
37... Qf5 38. Qb7 gxf4 39. Nxf4 (39. Rxf7+ Kg8 $1 $19) 39... Be5 $19) 37. g4 $1
Qe4 38. Qxe4 Rxe4 39. Ng3 $1 {Plötzlich kann Schwarz Qualitäts- oder
Figurenverlust nicht vermeiden.} Re6 ({Wahrscheinlich gab es hier kurz vor den
40. Zug Zeitnot, aber} 39... Rxf4 $5 {wäre noch interessant.} 40. Nh5+ Kf8 $1
41. Nxf4 (41. Nxf6 $4 Ke7 $19) (41. Rxf6 Rxg4 ({Oder} 41... Rxf6 42. Nxf6 b5
43. Kg3 a5 44. Kf3 a4 45. Nd5 a3 46. Nb4 Ke7 47. Ke4 Ke6 48. Na2 Kd6 49. Kd4
Ke6 50. Ke4 Kd6 51. Kd4 {Und Weiß kommt nicht weiter.}) 42. Rxh6 Rh4+ 43. Kg1
a5 44. g3 Rb4 $11) 41... Be5 42. Rxh6 Bxf4+ 43. g3 $15) 40. Nh5+ Kf8 41. Rxe6
fxe6 42. Nxf6 gxf4 43. g3 Kf7 44. Ne4 fxg3+ 45. Kxg3 a5 46. Nc3 Kf6 47. Kf4 Kg6
48. Kf3 $15 1/2-1/2

[Event "Elgoibar 14th"]
[Site "Elgoibar"]
[Date "2004.12.15"]
[Round "5"]
[White "Flear, Glenn C"]
[Black "Ivanov, Jordan"]
[Result "1-0"]
[WhiteElo "2457"]
[BlackElo "2395"]
[Annotator "Meulders,R"]
[PlyCount "79"]
[EventDate "2004.12.11"]
[EventType "tourn"]
[EventRounds "9"]
[EventCountry "ESP"]
[EventCategory "10"]
[SourceTitle "CBM 105"]
[Source "ChessBase"]
[SourceDate "2005.04.11"]
[SourceVersion "1"]
[SourceVersionDate "2005.04.11"]
[SourceQuality "1"]

1. d4 Nf6 2. c4 d6 3. Nc3 Bf5 4. g3 e5 5. Bg2 Nc6 6. d5 Nd4 7. e4 Bg4 8. f3 Bc8
(8... Bd7 9. Nge2 Nxe2 (9... c5 10. dxc6 Nxc6 11. Be3 Be7 12. O-O O-O 13. Qd2 (
13. Nd5 Nxd5 14. exd5 Nb8 15. b4 a5 16. a3 Bg5 17. f4 Bf6 18. fxe5 Bxe5 19. Bd4
$14 {1-0 Norri,J-Yrjola,J/Finland 2000 (39)}) 13... a6 14. Rfd1 Na5 15. b3 b5
16. g4 h6 17. cxb5 axb5 18. Ng3 b4 19. Nd5 Nxd5 20. exd5 $11 {1/2-1/2 Piket,
J-Sokolov,I/Amsterdam 1996 (33)}) 10. Qxe2 Be7 11. f4 c6 12. f5 cxd5 13. cxd5
h5 14. h4 g6 15. O-O gxf5 16. exf5 Ng4 $15 {1-0 Andruet,G-Benoit,M/Val Maubuee
1990 (28)}) 9. Nge2 Nxe2 10. Qxe2 Be7 11. Be3 c5 (11... c6) 12. Rb1 (12. dxc6
bxc6 13. O-O-O $14) 12... O-O 13. O-O Ne8 {Ein typisches Manöver, entweder um
den schlechten Be7 via Feld g5 ab zu tauschen, oder um nach g6 (/\ ....f5) auf
Bh6 die Qualität mittels Ng7 zu retten.} 14. b4 b6 15. Rb3 $6 {Na, und?} Bg5 (
15... cxb4 16. Rxb4 Bd7) 16. f4 cxb4 (16... exf4 17. gxf4 Bh4 18. bxc5 dxc5 19.
Rbb1 $14 {[%csl Gc4,Gd5,Ge4,Gf4]}) 17. Rxb4 exf4 18. gxf4 Bf6 19. Rc1 Bd7 {
[%csl Re8] Es ist nicht viel los hier; Weiß steht ein wenig besser (Ne8)} 20.
Nb5 Qc8 21. Rb3 g6 22. Qf2 Bg7 23. Qg3 Qb8 24. f5 gxf5 (24... Be5) 25. Bf4 {
[%csl Rd6][%cal Gb5d6,Gf4d6,Gg3d6]} Bxb5 $8 26. cxb5 fxe4 27. Bxe4 f5 28. Bg2
Rf6 (28... Kh8) 29. Kh1 Qb7 30. Re3 Rg6 31. Qh3 Rg4 32. Rce1 Qf7 33. Re7 Qf8
34. Bg3 Rg6 35. Bf4 Rg4 36. Qh5 Rg6 37. Bh3 Bh6 38. Bxh6 Rxh6 39. Rg1+ Kh8 40.
Rf7 1-0

[Event "Olympiad-36"]
[Site "Mallorca"]
[Date "2004.10.17"]
[Round "3"]
[White "Baburin, Alexander"]
[Black "Galego, Luis"]
[Result "1/2-1/2"]
[WhiteElo "2527"]
[BlackElo "2515"]
[Annotator "Meulders,R"]
[PlyCount "74"]
[EventDate "2004.10.15"]
[EventType "team-swiss"]
[EventRounds "14"]
[EventCountry "ESP"]
[SourceTitle "CBM 104"]
[Source "ChessBase"]
[SourceDate "2005.01.27"]
[SourceVersion "1"]
[SourceVersionDate "2005.01.27"]
[SourceQuality "1"]
[WhiteTeam "Ireland"]
[BlackTeam "Portugal"]
[WhiteTeamCountry "IRL"]
[BlackTeamCountry "POR"]

1. d4 d6 2. g3 Nf6 3. Bg2 c6 4. e4 Nbd7 5. Ne2 e5 6. O-O Be7 7. c4 O-O 8. Nbc3
a6 9. a4 a5 10. h3 Re8 11. Be3 exd4 12. Nxd4 Bf8 13. Qc2 Nc5 14. Rfe1 (14. Rad1
Bd7 (14... Qb6 15. Rfe1 h6 16. f4 (16. b3 g6 17. Rb1 Bg7 18. Nce2 Kh7 19. Rbd1
Bd7 (19... Nfxe4 $17) 20. Bd2 {1-0 Moskalenko,V-Garcia Fernandez,C/Cullera
2001/EXT 2002 (20) Sehr merkwürdig, dieses 1-0. Ein grausamer, nicht
registrierter Fingerfehler?!.}) 16... Be6 17. b3 Rad8 18. Bf2 Qc7 19. Re2 {
1/2-1/2 Hauchard,A-Gallagher,J/France 2001/EXT 2002 (19)}) (14... Qe7 15. Rfe1
Nfxe4 $2 16. Nxe4 Nxe4 17. Bf4 d5 18. f3 $18) 15. Rfe1 Qc7 16. f4 Rad8 17. Bf2
Bc8 18. Re2 (18. g4 h6 19. Nf5 Ne6 20. Be3 $14 {0-1 Ionescu,V-Kalinina,V/
Bucharest 1998/EXT 2000 (30)}) 18... Nfd7 19. Red2 $14 {1-0 Romanishin,
O-Zagrebelny,S/Pula 1990/EXT 2000 (34)}) (14. Rae1 Nfd7 15. f4 Na6 16. Qf2 Ndc5
17. Rd1 $14 {1/2-1/2 Zoler,D-Espig,L/Zillertal 1993/EXT 98 (45)}) 14... Qb6 (
14... g6 15. f4 Bd7 16. Bf2 Qc7 17. g4 Bg7 18. Rad1 Rad8 19. Nf3 $16 {1-0 Lein,
A-Onat,I/Bad Wildbad 1993/EXT 97 (46)}) (14... Nfd7 15. f4 g6 16. Rad1 Qb6 17.
Bf2 $14 {1/2-1/2 Kharitonov,A-Kovalevskaya,E/St Petersburg 2001/CBM 82 ext (34)
}) 15. f4 g6 16. Bf2 (16. g4 Qb4 17. b3 $14) 16... Qc7 17. Rad1 Na6 18. Rd2 Nb4
19. Qd1 $14 Nd7 20. Nf3 b6 21. e5 dxe5 22. Ne4 {[%csl Rd7,Rf6][%cal Gd2d7]} Bg7
{[%csl Gf6]} 23. fxe5 Re7 (23... Nxe5 24. Nxe5 Bxe5 25. Nf6+ $1 {[%csl Re8]}
Bxf6 26. Rxe8+ $18) 24. g4 h6 25. Bg3 {[%csl Rc7][%cal Gg3c7,Ge5e6]} Qa7 {
[%csl Rg1][%cal Ga7g1]} 26. Kh2 Nf8 27. Nf6+ Kh8 (27... Bxf6 28. exf6 Rxe1 29.
Qxe1 Ba6 30. Ne5 $18 {[%cal Ge5c4,Ge5c6]}) 28. b3 Be6 29. Rd8 $6 {Zeitnot? Ich
glaube, Weiß hätte den Druck erhöhen müssen:} (29. Nd4 {[%csl Rc6][%cal Gd4c6,
Gd4e6]} Rc8 30. Be4 Qa8 31. Qf3 $18 {[%csl Ra8][%cal Ge4c6,Gf3c6]}) 29... Rc7
30. Rxa8 {Typisch für Zeitnot: man tauscht und klärt dadurch die Lage, aber es
erleichtert so auch die Situation des bedrängten Gegners.} (30. Rd6 $1 {eher +-
}) 30... Qxa8 31. Qd6 $16 Rc8 32. Rd1 Nh7 33. Qd2 $6 {[%csl Rh6][%cal Gd2h6]
Die Dame stand gut auf d6, aber Weiß möchte Nd4 spielen und fürchtet Bf8.} ({
cf. die Anmerkung beim 30. Zug.} 33. Ne4 $1) 33... Qa7 34. Nd4 Qe7 35. Nxe6
Qxe6 36. Nxh7 $6 {cf. die Anmerkung beim 30. Zug.} (36. Rf1 Qe7 37. Qd7 Rc7 38.
Qd4 $16 {und Weiß bleibt am Ball.}) 36... Kxh7 37. Qd6 Re8 $14 1/2-1/2